00000000cam 2200000zi 4500
0019.958122
003CaOODSP
00520251210105129
006m     o  d f      
007cr bn|||||||||
008251210e19701126oncb    o    f000 0 eng d
040 |aCaOODSP|beng|erda|cCaOODSP
043 |an-cn-nf
0861 |aEn58-27/4-70E-PDF
24500|aRecord breaking rainfalls in Newfoundland during August 1970.
264 1|aToronto, Ontario : |bClimatology Division, Canadian Meteorological Service, |cNovember 26, 1970.
300 |a1 online resource (9 pages) : |bmaps.
336 |atext|btxt|2rdacontent
337 |acomputer|bc|2rdamedia
338 |aonline resource|bcr|2rdacarrier
4901 |aCDS ; |v#4-70
500 |aDigitized edition from print [produced by Environment and Climate Change Canada].
650 0|aRain and rainfall|zNewfoundland and Labrador|vObservations|vTables.
650 0|aClimatic extremes|zNewfoundland and Labrador.
650 6|aPluie|zTerre-Neuve-et-Labrador|vObservations|vTables.
650 6|aExtrêmes (Météorologie)|zTerre-Neuve-et-Labrador.
7102 |aCanadian Meteorological Service.|bClimatology Division, |eissuing body.
830#0|aCDS ;|vno. 4-70.|w(CaOODSP)9.932874
85640|qPDF|s788 KB|uhttps://publications.gc.ca/collections/collection_2025/eccc/en58/En58-27-4-70-eng.pdf